Giovanni Gurioli /

সংরক্ষণ করুন:
গ্রন্থ-পঞ্জীর বিবরন
অন্যান্য লেখক: Lufrano, Giuseppe, Monti, Marco, (1966- ), Gurioli, Giovanni (শিল্পী), Maggi, Annamaria
বিন্যাস: গ্রন্থ
ভাষা:ইতালিয়
প্রকাশিত: Ravenna : Essegi, stampa 1996
ট্যাগগুলো: ট্যাগ যুক্ত করুন
কোনো ট্যাগ নেই, প্রথমজন হিসাবে ট্যাগ করুন!

MARC

LEADER 00000nam a22000007i 4500
001 IT\ICCU\RAV\0288963
003 ItRI
005 20260115232425.0
008 970228s1996 it |||||| ||||| |||||c
040 |b ita  |c importazione bologna sebina 
041 7 |a ita  |2 ISO-639-2 
130 0 |a Giovanni Gurioli  |3 IT\ICCU\UBO\4846656 
245 0 0 |a Giovanni Gurioli /  |c testi di Annamaria Maggi, Marco Monti, Giuseppe Lufrano. 
260 |a Ravenna :  |b Essegi,  |c stampa 1996 
300 |a 47 p., \23! c. di tav. :  |b ill. ;  |c 22x22 cm 
500 |a Testo anche in inglese e in tedesco. 
700 1 |a Lufrano, Giuseppe  |0 IT\ICCU\CFIV\136514 
700 1 |a Monti, Marco,  |d  (1966- )  |0 IT\ICCU\MILV\131842 
700 1 |a Gurioli, Giovanni  |0 IT\ICCU\RAVV\099411  |4 art 
700 1 |a Maggi, Annamaria  |0 IT\ICCU\RAVV\099412 
942 |2 ddc  |c BK  |n 0 
952 |0 0  |1 0  |4 0  |6 DOC_709_040000000000000_MAG  |7 0  |9 25542  |a BO  |b BO  |d 2026-01-15  |i 4512  |l 0  |o DOC 709.04 MAG  |p BO4512  |r 2026-01-15 23:24:25  |w 2026-01-15  |x [Sebina 5] [1 v.]  |y BK  |z 1 v. 
999 |c 21679  |d 21679